đŸŽ¶Paroles "Allons enfants" Volo - Statistiques

Statistiques générales
  • Ce quiz a Ă©tĂ© pris 20 fois
  • Le rĂ©sultat moyen est 50 sur 133
Statistiques - réponses
Mots % Correct
Ă 
100%
Allons
100%
d'
94%
de
94%
De
94%
enfants
94%
la
94%
La
94%
gloire
47%
nous
35%
Contre
29%
contre-
29%
Et
29%
et
29%
Des
18%
Du
18%
du
18%
féroces
18%
jours
18%
leurs
18%
pas
18%
plus
18%
tyrannie
18%
vous
18%
armes
12%
Aux
12%
belles
12%
campagnes
12%
citoyens
12%
dans
12%
desseins
12%
discours
12%
élever
12%
encore
12%
Entendez-
12%
espérer
12%
espoirs
12%
étendards
12%
exercer
12%
faubourgs
12%
fort
12%
fratrie
12%
funestes
12%
gagner
12%
histoire
12%
honorer
12%
loi
12%
néant
12%
nos
12%
Nos
12%
pages
12%
pouvoirs
12%
réduits
12%
Rugir
12%
slogans
12%
Surgir
12%
terrain
12%
vaincus
12%
victoires
12%
villes
12%
désespoir
6%
misĂšre
6%
partager
6%
rĂȘvant
6%
supporter
6%
Aucun quiz correspondant
Distribution des résultats
% des personnes avec chaque résultat
Percentile par nombre de réponses
Votre historique - résultats
Vous n’avez pas pris ce quiz